000
00206 a2200097 4500
001
20117
100
_a
Kompaneyets
245
_a
Theoretical physics
260
_a
_b
Mir Publishers
_c
090
_c
14711
_d
14711
942
_a
NUST-CAE
_c
M
_c
5238
999
_c
255190
_d
255190